000 00325nam a2200133Ia 4500
005 20251222155108.0
008 251222s9999||||xx |||||||||||||| ||spa||
082 _aMEQ. 53
100 _aUBILLUZ Rodrigo.
245 0 _aEnfermedades del Aparato Digestivo 2da. Edic.
250 _a2da. ed.
264 _bLabrusa
942 _cLIB
999 _c37945
_d37945